000 00414cam a22001337a 4500
008 180718b1947 xxu||||| |||| 00| 0 eng d
082 _aB14x485 M996
100 _aMyrdal, Alva
245 _aNation and family: the Swedish experiment in democratic family and population policy
_cby Alva Myrdal
260 _aLondon
_bKegan Paul
_c1947
300 _a441p.
650 _aDemocracy - Sweden
650 _aFamily - Sweden
999 _c374769
_d374769